Elaboración de una propuesta de guía de recomendaciones para el etiquetado de AINES, ANTIABÉTICOS y GASTROINTESTINALES en la Farmacia del Hospital Internacional La Católica enfocada en normas de seguridad y cumplimiento regulatorio para mejorar la administración y la adherencia a los fármacos prescritos durante el periodo de enero a junio del año 2025. (Record no. 11258)

MARC details
000 -LEADER
fixed length control field 01276nam a22003137a 4500
003 - CONTROL NUMBER IDENTIFIER
control field OSt
005 - DATE AND TIME OF LATEST TRANSACTION
control field 20260324183056.0
008 - FIXED-LENGTH DATA ELEMENTS--GENERAL INFORMATION
fixed length control field 260324b |||||||| |||| 00| 0 eng d
040 ## - CATALOGING SOURCE
Transcribing agency UIA
082 ## - DEWEY DECIMAL CLASSIFICATION NUMBER
Classification number Lic-FARM-25010
100 ## - MAIN ENTRY--PERSONAL NAME
Personal name Hernández Ruiz, Valeria
245 ## - TITLE STATEMENT
Title Elaboración de una propuesta de guía de recomendaciones para el etiquetado de AINES, ANTIABÉTICOS y GASTROINTESTINALES en la Farmacia del Hospital Internacional La Católica enfocada en normas de seguridad y cumplimiento regulatorio para mejorar la administración y la adherencia a los fármacos prescritos durante el periodo de enero a junio del año 2025.
Remainder of title / Licenciatura Farmacia (Internado)
260 ## - PUBLICATION, DISTRIBUTION, ETC.
Place of publication, distribution, etc. San José, C.R.
Name of publisher, distributor, etc. UIA
Date of publication, distribution, etc. 2025
300 ## - PHYSICAL DESCRIPTION
Extent 88 p.
500 ## - GENERAL NOTE
General note Licenciatura Farmacia (Internado) / I Cuatrimestre 2025
650 ## - SUBJECT ADDED ENTRY--TOPICAL TERM
Topical term or geographic name entry element FARMACIA
650 ## - SUBJECT ADDED ENTRY--TOPICAL TERM
Topical term or geographic name entry element INTERNADO
650 ## - SUBJECT ADDED ENTRY--TOPICAL TERM
Topical term or geographic name entry element AINES
650 ## - SUBJECT ADDED ENTRY--TOPICAL TERM
Topical term or geographic name entry element ETIQUETADO
650 ## - SUBJECT ADDED ENTRY--TOPICAL TERM
Topical term or geographic name entry element FÁRMACOS
650 ## - SUBJECT ADDED ENTRY--TOPICAL TERM
Topical term or geographic name entry element NORMAS DE SEGURIDAD
650 ## - SUBJECT ADDED ENTRY--TOPICAL TERM
Topical term or geographic name entry element ADMINISTRACIÓN
650 ## - SUBJECT ADDED ENTRY--TOPICAL TERM
Topical term or geographic name entry element PRESCRIPCIÓN
650 ## - SUBJECT ADDED ENTRY--TOPICAL TERM
Topical term or geographic name entry element ADHERENCIA
650 ## - SUBJECT ADDED ENTRY--TOPICAL TERM
Topical term or geographic name entry element HOSPITAL INTERNACIONAL LA CATÓLICA
700 ## - ADDED ENTRY--PERSONAL NAME
Personal name Tutora: Dra. María José Solano Chinchilla
856 ## - ELECTRONIC LOCATION AND ACCESS
Link text http://repositorio.uia.ac.cr/items/a090fe0b-7043-4c78-9899-5597d9beddf5
942 ## - ADDED ENTRY ELEMENTS (KOHA)
Source of classification or shelving scheme Dewey Decimal Classification
Koha item type TFG en repositorio
Holdings
Date last seen Total checkouts Full call number Barcode Koha item type Lost status Source of classification or shelving scheme Home library Current library Date acquired
24.03.2026   Lic-FARM-25010 Lic-FARM-25010 TFG en repositorio   Dewey Decimal Classification Biblioteca Sede Central San José Biblioteca Sede Central San José 24.03.2026